Statistics for Futurama Characters by Synonyms

Click here to take the quiz!

General Stats

  • This quiz has been taken 104 times
  • The average score is 6 of 10

Answer Stats

SynonymsAnswer% Correct
Saute, Sizzle, SearFry
92%
Yaw, Spree, BowBender
82%
Lecturer, Educator, InstructorProfessor Farnsworth
82%
Automaton SatanRobot Devil
81%
Mezmorizing FrogHypno-Toad
78%
Quack, Physician, SurgeonDr. Zoidberg
59%
Tacky, Unkempt, ShabbyScruffy
49%
Peck, Snacker, TasterNibbler
41%
Obese/Plump AutomatonFat Bot
35%
Kill, Terminate, SlaughterZapp Brannigan
29%

Score Distribution

Percentile by Number Answered

Percent of People with Each Score

Your Score History

You have not taken this quiz